Guess the Actor Based on 2 Movies They Starred In - Statistics

General Stats
  • This quiz has been taken 38 times
    35 since last reset
  • The average score is 67 of 125
Answer Stats
% Correct
Titanic, The Wolf of Wall Street Leonardo di Caprio
100%
Edward Scissorhands, Pirates of the Caribbean Johnny Depp
93%
Suicide Squad, Babylon Margot Robbie
85%
Forrest Gump, Cast Away Tom Hanks
85%
Bad Boys, Men in Black Will Smith
85%
School of Rock, Jumanji Jack Black
81%
The Hunger Games, Silver Linings Playbook Jennifer Lawrence
81%
The Truman Show, Eternal Sunshine of the Spotless Mind Jim Carrey
81%
The Matrix, John Wick Keanu Reeves
81%
The Godfather, Scarface Al Pacino
78%
Die Hard, The Sixth Sense Bruce Willis
78%
Easy A, La La Land Emma Stone
78%
Walk the Line, Joker Joaquin Phoenix
78%
Drive, La La Land Ryan Gosling
78%
The Princess Diaries, The Devil Wears Prada Anne Hathaway
74%
American History X, Fight Club Edward Norton
74%
Star Wars, Indiana Jones Harrison Ford
74%
Good Will Hunting, The Bourne Identity Matt Damon
74%
Top Gun, Jerry Maguire Tom Cruise
74%
Zoolander, Night at the Museum Ben Stiller
70%
Silver Linings Playbook, A Star Is Born Bradley Cooper
70%
Chinatown, The Shining Jack Nicholson
70%
Titanic, The Reader Kate Winslet
70%
Pirates of the Caribbean, Pride and Prejudice Keira Knightley
70%
The Shawshank Redemption, SE7EN Morgan Freeman
70%
V for Vendetta, Black Swan Natalie Portman
70%
Good Morning Vietnam, Dead Poets Society Robin Williams
70%
SE7EN, Inglourious Basterds Brad Pitt
67%
The Good the Bad and the Ugly, Gran Torino Clint Eastwood
67%
Bridget Jones's Diary, The King's Speech Colin Firth
67%
Casino Royale, Knives Out Daniel Craig
67%
In the Name of the Father, There Will Be Blood Daniel Day-Lewis
67%
Malcolm X, Training Day Denzel Washington
67%
Dallas Buyers Club, Interstellar Matthew McConaughey
67%
I Love You Man, Ant-Man Paul Rudd
67%
Taxi Driver, Goodfellas Robert de Niro
67%
Iron Man, Sherlock Holmes Robert Downey Jr.
67%
Pulp Fiction, Captain Marvel Samuel L. Jackson
67%
Lost in Translation, Marriage Story Scarlett Johansson
67%
Call Me by Your Name, Dune Timothée Chalamet
67%
Gone Girl, Batman v Superman Ben Affleck
63%
Groundhog Day, Lost in Translation Bill Murray
63%
American Psycho, Vice Christian Bale
63%
The Usual Suspects, American Beauty Kevin Spacey
63%
Schindler's List, Taken Liam Neeson
63%
Boogie Nights, Ted Mark Wahlberg
63%
The Lighthouse, The Batman Robert Pattinson
63%
Gladiator, A Beautiful Mind Russell Crowe
63%
Star Wars sequels, Marriage Story Adam Driver
59%
Fight Club, Alice in Wonderland Helena Bonham Carter
59%
X-Men, Prisoners Hugh Jackman
59%
Donnie Darko, Brokeback Mountain Jake Gyllenhaal
59%
The Bridges of Madison County, The Devil Wears Prada Meryl Streep
59%
Leaving Las Vegas, National Treasure Nicolas Cage
59%
Beetlejuice, Girl Interrupted Winona Ryder
59%
Edge of Tomorrow, A Quiet Place Emily Blunt
56%
Trainspotting, Star Wars prequels Ewan McGregor
56%
SE7EN, Shakespeare in Love Gwyneth Paltrow
56%
The Big Lebowski, Crazy Heart Jeff Bridges
56%
Notting Hill, Erin Brockovich Julia Roberts
56%
Beetlejuice, Birdman Michael Keaton
56%
Alien, Avatar Sigourney Weaver
56%
Enchanted, Arrival Amy Adams
52%
Fargo, Three Billboards Frances McDormand
52%
Halloween, Freaky Friday Jamie Lee Curtis
52%
Jurassic Park, Independence Day Jeff Goldblum
52%
The Lord of the Rings, Pirates of the Caribbean Orlando Bloom
52%
The Notebook, Mean Girls Rachel McAdams
52%
The Blind Side, Gravity Sandra Bullock
52%
Mystic River, Milk Sean Penn
52%
Natural Born Killers, Zombieland Woody Harrelson
52%
The Imitation Game, The Power of the Dog Benedict Cumberbatch
48%
The Theory of Everything, The Danish Girl Eddie Redmayne
48%
Tinker Tailor Soldier Spy, Darkest Hour Gary Oldman
48%
Four Weddings and a Funeral, Love Actually Hugh Grant
48%
No Country for Old Men, Skyfall Javier Bardem
48%
Interview with the Vampire, Spider-Man Kirsten Dunst
48%
Little Miss Sunshine, The Big Short Steve Carell
48%
The Shawshank Redemption, Mystic River Tim Robbins
48%
Warrior, Mad Max: Fury Road Tom Hardy
48%
The Lord of the Rings, Tár Cate Blanchett
44%
Midsommar, Little Women Florence Pugh
44%
Requiem for a Dream, Dallas Buyers Club Jared Leto
44%
The Thing, The Hateful Eight Kurt Russell
44%
Scarface, Dangerous Minds Michelle Pfeiffer
44%
Lady Bird, Little Women Saoirse Ronan
44%
Shaun of the Dead, Mission: Impossible Simon Pegg
44%
Thelma & Louise, Dead Man Walking Susan Sarandon
44%
In Bruges, The Lobster Colin Farrell
41%
Before Sunrise, Boyhood Ethan Hawke
41%
The Hurt Locker, Wind River Jeremy Renner
41%
Zero Dark Thirty, Interstellar Jessica Chastain
41%
Boogie Nights, Still Alice Julianne Moore
41%
Blue Velvet, Jurassic Park Laura Dern
41%
Zodiac, Spotlight Mark Ruffalo
41%
Crouching Tiger Hidden Dragon, Everything Everywhere All at Once Michelle Yeoh
41%
Schindler's List, The Grand Budapest Hotel Ralph Fiennes
41%
Reservoir Dogs, Fargo Steve Buscemi
41%
Traffic, Sicario Benicio del Toro
37%
Short Term 12, Room Brie Larson
37%
Get Out, Nope Daniel Kaluuya
37%
Up in the Air, The Ides of March George Clooney
37%
The Hitchhiker's Guide to the Galaxy, The Hobbit Martin Freeman
37%
Blue Valentine, Manchester by the Sea Michelle Williams
37%
Capote, Synedoche New York Philip Seymour Hoffman
37%
The Sixth Sense, Hereditary Toni Collette
37%
The Help, Fences Viola Davis
37%
The Remains of the Day, Sense and Sensibility Emma Thompson
33%
Mulholland Drive, The Ring Naomi Watts
33%
The Florida Project, The Lighthouse Willem Dafoe
33%
Split, The Menu Anya Taylor-Joy
30%
Argo, Trumbo Bryan Cranston
30%
Star Trek, Hell or High Water Chris Pine
30%
Orlando, We Need to Talk about Kevin Tilda Swinton
30%
The Favourite, The Father Olivia Colman
26%
Inside Llewyn Davis, Ex Machina Oscar Isaac
26%
Never Let Me Go, Promising Young Woman Carey Mulligan
22%
28 Days Later, Sunshine Cillian Murphy
22%
In the Line of Fire, Dangerous Liaisons John Malkovich
22%
No Country for Old Men, Sicario Josh Brolin
22%
Little Miss Sunshine, There Will Be Blood Paul Dano
22%
Moon, Three Billboards Sam Rockwell
22%
Nightcrawler, Sound of Metal Riz Ahmed
19%
Casino Royale, The Batman Jeffrey Wright
11%
Frost/Nixon, The Twilight Saga Michael Sheen
11%
No matching quizzes found
Score Distribution
Percent of People with Each Score
Percentile by Number Answered
Your Score History
You have not taken this quiz since the last reset